Chenkumbi Line: Fuel-Efficient High-Quality Production (Record no. 1383)

MARC details
005 - DATE AND TIME OF LATEST TRANSACTION
control field 20250414120745.0
020 ## - INTERNATIONAL STANDARD BOOK NUMBER
International Standard Book Number 1 85339 144 1
082 ## - DEWEY DECIMAL CLASSIFICATION NUMBER
Classification number 666.936 SPI
100 ## - MAIN ENTRY--PERSONAL NAME
Author name SPIROPOULOS, J.
245 ## - TITLE STATEMENT
Title Chenkumbi Line: Fuel-Efficient High-Quality Production
260 ## - PUBLICATION, DISTRIBUTION, ETC.
Place of publication, distribution, etc. London,
Name of publisher, distributor, etc. Intermediate Technology,
Date of publication, distribution, etc. 1992.
300 ## - PHYSICAL DESCRIPTION
Extent 39p., ill., map, figure, table,
Other physical details References,
Dimensions 29cm.
942 ## - ADDED ENTRY ELEMENTS (KOHA)
Source of classification or shelving scheme Dewey Decimal Classification
Koha item type Books
Holdings
Date last seen Total checkouts Full call number Barcode Cost, replacement price Price effective from Koha item type Lost status Source of classification or shelving scheme Damaged status Not for loan Withdrawn status Home library Current library Shelving location Date acquired Cost, normal purchase price
04/14/2025   666.936 SPI 0000004035 60000.00 04/14/2025 Books   Dewey Decimal Classification       College of Business Education Main Library College of Business Education Main Library General Collection 04/14/2025 20000.00
04/14/2025   666.936 SPI 0000004036 60000.00 04/14/2025 Books   Dewey Decimal Classification       College of Business Education Main Library College of Business Education Main Library General Collection 04/14/2025 20000.00